Melodrama-Album (Lorde) - Statistics

General Stats
  • This quiz has been taken 47 times
  • The average score is 9 of 11
Answer Stats
Hint Answer % Correct
1. Green Light
100%
6. Hard Feelings/Loveless
89%
5. Liability
89%
2. Sober
87%
7. Sober II (Melodrama)
87%
9. Supercut
87%
4. The Louvre
84%
3. Homemade Dynamite
82%
11. Perfect Places
79%
10. Liability (Reprise)
74%
8. Writer In The Dark
74%
No matching quizzes found
Score Distribution
Percent of People with Each Score
Percentile by Number Answered
Your Score History
You have not taken this quiz